Výskumné a rozvojové projekty – nástroj zabezpečenia podnikateľského úspechu na medzinárodných trhoch diplomová práca

Salvato in:
Dettagli Bibliografici
Autore principale: Bakanová, Stanislava
Ente Autore: Obchodná fakulta EU. Katedra medzinárodného obchodu
Altri autori: Pullmanová, Terézia, 1953-
Natura: Libro
Lingua:slovacco
Pubblicazione: Bratislava 2011
Tags: Aggiungi Tag
Nessun Tag, puoi essere il primo ad aggiungerne!!

MARC

LEADER 00000nbm a2200000 4500
001 0132107
005 20161109101748.5
041 0 |a slo 
044 |a SK 
245 1 0 |a Výskumné a rozvojové projekty – nástroj zabezpečenia podnikateľského úspechu na medzinárodných trhoch  |b diplomová práca  |c Stanislava Bakanová ; školiteľ: Terézia Pullmanová 
264 1 |a Bratislava  |c 2011 
300 |a 71 s. 
100 1 |a Bakanová, Stanislava 
700 1 |a Pullmanová, Terézia, 1953- 
710 2 |a Obchodná fakulta EU. Katedra medzinárodného obchodu